• 首页
  • 本馆介绍
  • 公告通知
  • 最新文献
  • 馆藏检索
  • 电子资源
  • 读者导购
  • 参考咨询
  • 我的图书馆
  • 登录
  • 详细信息显示
  • 放入我的书架
  • 预约/预借图书
  • 作者相关作品
  • 分类相关作品
  • 丛书相关作品
  • 出版社相关作品

书目信息

  • 表格格式
  • 工作单格式
  • 卡片格式
题名:
2016中国年度作品
    
 
作者: 林莽 主编 ;中国当代文学研究会 选编
分册:   诗歌
出版信息: 北京   现代出版社  2017
页数: 239页
开本: 23cm
丛书名:
单 册:
中图分类: I217.61 , I227
科图分类:
主题词: 中国文学--zhong guo wen xue--当代文学--选集 , 诗集--shi ji--中国--当代
电子资源:
ISBN: 978-7-5143-5575-8
000 00966nam0 22002771 450
001 0118172347
005 20170618172347.0
010    @a978-7-5143-5575-8@dCNY33.80
100    @a20170426d2017 em y0chiy50 ea
101 0  @achi
102    @aCN@b110000
105    @ay z 000gy
106    @ar
200 1  @a2016中国年度作品@A2016zhong guo nian du zuo pin@i诗歌@f林莽主编@g中国当代文学研究会诗歌委员会选编
210    @a北京@c现代出版社@d2017
215    @a239页@d23cm
330    @a本书收录了余秀华、刘年、雷平阳、沈浩波、冯娜、江一郎、林莽、商震、苏历铭、娜夜等80余位诗人,260余首诗篇。
517 1  @a诗歌@Ashi ge
606 0  @a中国文学@Azhong guo wen xue@x当代文学@j选集
606 0  @a诗集@Ashi ji@y中国@z当代
690    @aI217.61@v5
690    @aI227@v5
701  0 @a林莽@Alin mang@4主编
712 02 @a中国当代文学研究会@Azhong guo dang dai wen xue yan jiu hui@b诗歌委员会@4选编
801  0 @aCN@bTANGWEI@c20170615
905    @b1009557-62@dI217.61@e791@f6
    
    2016中国年度作品.诗歌/林莽主编/中国当代文学研究会诗歌委员会选编.-北京:现代出版社,2017
    239页;23cm
    
    
    ISBN 978-7-5143-5575-8:CNY33.80
    本书收录了余秀华、刘年、雷平阳、沈浩波、冯娜、江一郎、林莽、商震、苏历铭、娜夜等80余位诗人,260余首诗篇。
●
相关链接 在E读中查询图书 在五车中查询图书 在当当中查询图书 在豆瓣中查询图书


正题名:2016中国年度作品     索取号:I217.61/791         预约/预借

序号 登录号 条形码 馆藏地/架位号 状态 备注
1 1009557   210095573   第一样本阅览室/ [索取号:I217.61/791] 在馆    
2 1009558   210095582   教育系资料室/ [索取号:I217.61/791] 在馆    
3 1009559   210095591   教育系资料室/ [索取号:I217.61/791] 在馆    
4 1009560   210095608   教育系资料室/ [索取号:I217.61/791] 在馆    
5 1009561   210095617   第二借阅区/ [索取号:I217.61/791] 在馆    
6 1009562   210095626   第二借阅区/ [索取号:I217.61/791] 在馆    
唐山师范学院图书馆 欢迎您!
大连网信软件有限公司© 版权所有